NUTUK (Record no. 959251)

MARC details
000 -LEADER
sabit uzunluktaki kontrol alanı 00231nam a2200097Ia 4500
001 - KONTROL NUMARASI
kontrol alanı 959251
005 - EN SON İŞLEMİN TARİH VE ZAMANI
kontrol alanı 20250826215920.0
008 - SABİT-UZUNLUKTA VERİ ÖĞELERİ--GENEL BİLGİ
sabit uzunluktaki kontrol alanı 250824s9999 xx 000 0 und d
245 #0 - ESER / YAZAR
ESER ADI NUTUK
Yazar Adı MUSTAFA KEMAL
260 ## - YAYIN, DAĞITIM, VB.
YAYIN EVİ TEBEŞİR YAYINLARI
Holdings
Düşüm durumu Kayıp durumu Hasar Durumu Ödünç verilmez Ana kütüphane Geçerli Kütüphane Edinilen tarih Toplam ödünç verme sayısı Barkod İade tarihi Son görüntüleme tarihi Son ödünç verme tarihi Fiyatın geçerli olmaya başladığı tarih Koha materyal türü
        TATKÖY İLKOKULU TATKÖY İLKOKULU 24.08.2025 2 1036135 02.01.2026 18.12.2025 18.12.2025 26.08.2025 Books